Lexikon technických materiálů se zahraničními ekvivalenty : Aktuální stav únor 2000-včetne 6. aktualizace. LTM v 1.6

Salvato in:
Dettagli Bibliografici
Natura: Multimedia Libro
Pubblicazione: Praha : Verlag Dashöfer, 2000
Soggetti:
Tags: Aggiungi Tag
Nessun Tag, puoi essere il primo ad aggiungerne!!

MARC

LEADER 00000npm a22000003a 4500
001 stu53115
005 20150408180005.1
008 000412s2000----xr----------------------d
040 |a STU  |b slo 
041 0
044 |a xr 
080 |a 621.002.3(03)(086.7) 
245 |a Lexikon technických materiálů se zahraničními ekvivalenty :  |b Aktuální stav únor 2000-včetne 6. aktualizace. LTM v 1.6 
260 |a Praha :  |b Verlag Dashöfer,  |c 2000 
300 |a CD 
650 7 |a materiály technické-lexikóny-CD  |2 stusub 
996 |b 284M014705  |c M*CD-70  |l MMKN  |s A  |a 24  |w stu53115_0001